Phosphorus requirements and management of oil palm, coconut and rubber (Record no. 64896)

MARC details
000 -LEADER
fixed length control field 00427nam a2200157Ia 4500
100 ## - MAIN ENTRY--AUTHOR NAME
Personal name Pushparajah E
245 #0 - TITLE STATEMENT
Title Phosphorus requirements and management of oil palm, coconut and rubber
260 ## - PUBLICATION, DISTRIBUTION, ETC. (IMPRINT)
Name of publisher Journal of Biological Chemistry
Year of publication 1990
300 ## - PHYSICAL DESCRIPTION
Number of Pages 399-408
500 ## - GENERAL NOTE
General note Source Year: 1992
700 ## - ADDED ENTRY--PERSONAL NAME
Personal name Chan F
700 ## - ADDED ENTRY--PERSONAL NAME
Personal name Magat S S
856 ## - ELECTRONIC LOCATION AND ACCESS
Uniform Resource Identifier IRRDB
942 ## - ADDED ENTRY ELEMENTS (KOHA)
Koha item type Journals
Holdings
Withdrawn status Lost status Damaged status Not for loan Home library Current library Date acquired Serial Enumeration / chronology Koha item type
      Journals RRII Library RRII Library 17/12/2021 Volume 266, Issue 0 Journals